Top 100 USA Girl Names: 1922-2021 - Statistics

General Stats
  • This quiz has been taken 1,767 times
  • The average score is 48 of 100
Answer Stats
HINT ANSWER % Correct
97 M Marie
93%
1 M Mary
93%
5 E Elizabeth
87%
13 B Betty
84%
48 C Catherine
82%
78 J Jean
82%
42 K Katherine
82%
76 K Kathryn
82%
3 J Jennifer
78%
72 A Ann
77%
73 S Sara
77%
9 S Sarah
77%
35 A Anna
76%
8 J Jessica
70%
2 P Patricia
68%
38 E Emma
67%
54 O Olivia
66%
18 E Emily
65%
81 J Julia
63%
29 L Laura
63%
7 S Susan
63%
57 V Victoria
62%
11 L Lisa
60%
14 M Margaret
60%
10 K Karen
59%
45 R Rachel
59%
6 B Barbara
57%
61 J Joan
57%
91 I Isabella
56%
21 C Carol
55%
67 H Hannah
55%
4 L Linda
55%
53 J Julie
54%
49 M Maria
54%
41 S Samantha
54%
32 A Amy
53%
22 A Amanda
52%
93 D Diana
52%
51 D Diane
52%
59 L Lauren
52%
27 R Rebecca
52%
20 M Michelle
51%
83 S Sophia
51%
31 K Kathleen
50%
60 C Christina
49%
25 D Deborah
49%
44 D Debra
49%
12 N Nancy
48%
96 C Charlotte
47%
80 A Alice
46%
40 H Helen
46%
58 K Kelly
46%
17 K Kimberly
46%
43 C Christine
45%
47 J Janet
45%
26 S Stephanie
45%
39 N Nicole
44%
37 P Pamela
44%
79 A Abigail
43%
16 A Ashley
43%
84 G Grace
43%
15 S Sandra
43%
64 M Megan
41%
46 C Carolyn
40%
24 M Melissa
40%
19 D Donna
39%
94 N Natalie
39%
74 M Madison
38%
89 D Danielle
37%
33 A Angela
36%
62 E Evelyn
36%
75 F Frances
36%
52 R Ruth
36%
28 S Sharon
36%
23 D Dorothy
35%
63 J Judith
35%
36 B Brenda
34%
71 T Teresa
34%
92 T Theresa
34%
68 J Jacqueline
33%
50 H Heather
32%
69 M Martha
30%
86 A Amber
29%
65 A Andrea
28%
95 B Brittany
27%
87 D Doris
25%
82 J Judy
25%
77 J Janice
23%
98 K Kayla
23%
56 V Virginia
23%
99 A Alexis
22%
30 C Cynthia
22%
55 J Joyce
21%
100 L Lori
21%
34 S Shirley
21%
85 D Denise
20%
66 C Cheryl
18%
70 G Gloria
14%
88 M Marilyn
14%
90 B Beverly
10%
No matching quizzes found
Score Distribution
Percent of People with Each Score
Percentile by Number Answered
Your Score History
You have not taken this quiz